| 000 | 00680nam a22001697a 4500 | ||
|---|---|---|---|
| 999 |
_c16014 _d16014 |
||
| 003 | AR-CdUCM | ||
| 008 | 190430b ||||| |||| 00| 0 spa d | ||
| 040 |
_aMUNICIPALIDAD PROVINCIAL DEL CUSCO _cBIBLIOTECA MUNICIPAL DEL CUSCO |
||
| 082 |
_aC / 376.481 / _bA31 |
||
| 100 |
_aAguirre Mejia, Felix _935279 |
||
| 245 | _aEducación práctica comercial / | ||
| 260 |
_aLima : _bLulli, _c1941. |
||
| 300 |
_a178 páginas ; _c24 cm. |
||
| 505 | _aEducación practica comercial -- A estudiantes de comercio del Perú -- Clasiicación de las sociedades anonimas -- Organización y administración de las osciedades industriales y comerciales ... | ||
| 942 |
_2ddc _cLIBROS |
||
| 945 | _awfj | ||